| 000 | 01385nam a2200433 c 4500 | ||
|---|---|---|---|
| 999 |
_c50192 _d50192 |
||
| 001 | 50192 | ||
| 003 | ES-MaCES | ||
| 005 | 20171108101347.0 | ||
| 007 | cr ||||||||||| | ||
| 008 | 171106s2017 fr d t i000 | eng d | ||
| 020 | _a9789264276260 | ||
| 020 | _a9789264276284 | ||
| 020 | _a9789264276291 | ||
| 040 |
_aES-MaCES _bspa _cES-MaCES |
||
| 245 | 0 | 0 | _aOECD digital economy outlook 2017 |
| 260 |
_aParis _bOECD _c[2017] |
||
| 300 |
_a321 p. _bgráf. bl. y n. _c30 cm _e1 documento pdf (6,54 mb) |
||
| 500 | _aEjemp. fotocopiado | ||
| 504 | _aBibliografía | ||
| 541 | _cGratuito | ||
| 650 | 4 |
_aeconomía _926781 |
|
| 650 | 4 |
_anegocios _928176 |
|
| 650 | 4 |
_atecnología de la información _930104 |
|
| 650 | 4 |
_acomercio electrónico _931575 |
|
| 650 | 4 |
_aInternet _930572 |
|
| 650 | 4 |
_ainnovación _928230 |
|
| 650 | 4 |
_ahabilidad en comunicación _930427 |
|
| 650 | 4 |
_apolítica económica _927025 |
|
| 650 | 4 |
_areforma económica _929791 |
|
| 650 | 4 |
_arégimen jurídico _929894 |
|
| 650 | 4 |
_apaís de la OCDE _929055 |
|
| 650 | 4 |
_aevaluación del impacto _930732 |
|
| 650 | 4 |
_acuadros estadísticos _928890 |
|
| 653 | 1 | 0 | _aEconomía |
| 710 | 2 |
_aOrganización de Cooperación y Desarrollo Económico _eed. _94694 |
|
| 856 | 4 |
_uhttp://biblioteca.ces.es/repintra/B50192.pdf _ytexto completo _z[intranet] |
|
| 902 | _aLIB Libro | ||
| 942 |
_2CES _cBK _h0.0. |
||